000
00336nam a2200133Ia 4500
008
240624s9999 xx 000 0 und d
041
_a
eng
082
_a
658.83 FRO
100
_a
FROMM JEFF
245
_a
MARKETING TO GENZ THE RULES FOR REACHING
260
_c
2018
_a
New York
_b
Amacom
300
_a
xxi, 202 p.; 23 cm.
365
_c
_b
35
999
_c
31595
_d
31595